| 000 | 01173cam a22003255a 4500 | ||
|---|---|---|---|
| 003 | EG-ScBUE | ||
| 005 | 20220517115718.0 | ||
| 008 | 180828r20052000enka f b 001 0 eng d | ||
| 020 | _a0521568447 (pbk.) | ||
| 020 | _a9780521568449 | ||
| 040 |
_aEG-ScBUE _beng _erda _cEG-ScBUE _dEG-ScBUE |
||
| 082 | 0 | 4 |
_a428.24 _bCAR _222 |
| 100 | 1 |
_aCarter, Ronald, _eauthor. |
|
| 245 | 1 | 0 |
_aExploring grammar in context : _bupper-intermediate and advanced / _cRonald Carter, Rebecca Hughes and Michael McCarthy. |
| 250 | _aFourth printing. | ||
| 264 | 1 |
_aCambridge : _bCambridge University Press, _c2005. |
|
| 300 |
_axiv, 286 pages : _billustrations ; _c25 cm |
||
| 336 |
_2rdacontent _atext _btxt |
||
| 337 |
_2rdamedia _aunmediated _bn |
||
| 338 |
_2rdacarrier _avolume _bnc |
||
| 504 | _aIncludes bibliographical references and index. | ||
| 650 | 7 |
_aEnglish language _xGrammar. _2BUEsh |
|
| 650 | 7 |
_aEnglish language _xGrammar _vProblems, exercises, etc. _2BUEsh |
|
| 651 | _2BUEsh | ||
| 653 |
_bHHUUEENN _cAugust2018 |
||
| 655 |
_vReading book _934232 |
||
| 700 | 1 |
_aHughes, Rebecca, _c1962- _eauthor. |
|
| 700 | 1 |
_aMcCarthy, Michael, _c1947- _eauthor. |
|
| 942 |
_2ddc _cBB |
||
| 999 |
_c8298 _d8298 |
||